000 00222nam a22001097a 4500
100 _aPaoliniChristopher
245 _aBrisingr : Book Three
250 _a2011
260 _bCorgi Books
300 _a763
942 _2ddc
_cBK
999 _c11800
_d11800